Visualizzazione normale
Vista MARC
- ANIMAZIONE
di Topical Term
Records bibliografici associati: 1
001 - CONTROL NUMBER
- control field: 51416
003 - CONTROL NUMBER IDENTIFIER
- control field: IT-RoPau
005 - DATE AND TIME OF LATEST TRANSACTION
- control field: 20151202171647.0
008 - FIXED-LENGTH DATA ELEMENTS
- fixed length control field: 151202|| aca||aabn | a|a d
040 ## - CATALOGING SOURCE
- Original cataloging agency: IT-RoPau
- Transcribing agency: IT-RoPau
150 ## - HEADING--TOPICAL TERM
- Topical term or geographic name entry element: ANIMAZIONE
- : FILMS [VHS]
- General subdivision: Codice MATERIA SPICS: 9960
670 ## - SOURCE DATA FOUND
- Source citation: Work cat.: (IT-RoPau)107285: Manfio Sergio Codice regista SPICS: 55764 51414, CUCCIOLI (1) CUCCIOLI (1) (Rif. Codice opera principale : H4681)